000 00653nam a2200193Ia 4500
008 151121s9999||||xx |||||||||||||| ||und||
082 _aबा। वि।
082 _bHNW-73763
100 _aसरदेशमुख दत्ता
245 _aनशिबाची गोष्ट
260 _b"चेतश्री प्रकाशन, अंमळनेर"
260 _c--
300 _a34
600 _aसरदेशमुख दत्ता
630 _aनशिबाची गोष्ट
700 _aसरदेशमुख दत्ता
730 _aनशिबाची गोष्ट
942 _cBOOK
999 _c1255219
_d1255216